000 00304nam a2200133 i 4500
001 bg
100 1 _aPARSELL, E.
245 1 0 _aElektricestvo i magnetizm.
_nT.2 /
_cE. Parsell.
260 _aMoskva,
_c1971.
040 _cBPK
041 _apol
942 _cKS
008 s pl f |000 0 pol
999 _c14026
_d14026
856 _uhttp://koha.tu.koszalin.pl/cgi-bin/koha/opac-detail.pl?biblionumber=14026
_yKatalog online BPK